| 000 | 00577nam a22001937a 4500 | ||
|---|---|---|---|
| 999 |
_c192920 _d192920 |
||
| 005 | 20221011173131.0 | ||
| 010 | _aB-745943 | ||
| 020 |
_a9789389843491 _c395.00 |
||
| 035 | _aB-745943 | ||
| 037 | _bPharos Books | ||
| 082 | _aN | ||
| 100 | _aLawrence, D.H. | ||
| 245 |
_aSons And Lovers/ _cD.H. Lawrence |
||
| 260 |
_a Delhi _bPharos Books _c2020 |
||
| 270 |
_aPlot No.-55, Main Mother Dairy Road, Pandav Nagar, _b Delhi _e110092 |
||
| 300 |
_a416p. _c22cm (pbk) |
||
| 942 |
_2ddc _cEN _mLAW _hN |
||